000 00594nam a2200193Ia 4500
003 GCL
008 140319s9999 xx 000 0 ara d
040 _aGCL /
_cGCL
082 0 4 _aق
_b071.9
_bع ص
100 1 _aعبداللطيف احمد حمزة
245 1 0 _aالصحافة المصرية فى مائة عام /
_cعبداللطيف احمد حمزة
300 _a127 ص
490 _aالمكتبة الثقافية
_v0
650 0 4 _aتاريخ
650 0 4 _aالصحافة المصرية
650 0 4 _aالصحافة
650 0 4 _aالوقائع المصرية
942 _2ddc
_cBK
999 _c39289
_d39289